| 000 | 00479 a2200169 4500 | ||
|---|---|---|---|
| 001 | 75445 | ||
| 005 | 20260205111127.0 | ||
| 010 | _a978-972-21-3297-8 | ||
| 021 |
_aPT _b535160/24 |
||
| 090 | _a75445 | ||
| 100 | _a20260205d2024 c||y0pory50 ba | ||
| 200 |
_aOnde est ò livro que estava aqui? _fTelma Guimarês _gilust. Jana Glatt |
||
| 210 |
_aAlfragide _cCaminho _d2024 |
||
| 215 |
_a[42] p. _cil. |
||
| 606 | _aLiteratura infantojuvenil | ||
| 675 |
_a087.5-053.5 _vBN _zpor |
||
| 942 |
_cMON _n0 |
||